000 00522cam a22001931i 4500
001 45401
090 _a45401
100 _a20020304d1948 m y0pory5003 ba
101 0 _apor
102 _aPT
200 1 _aLuta anti-venérea
_fpor César Anjo (Filho)
210 9 _aLisboa
_ced. Cosmos,
_d1948
215 _a262 p.
_d20 cm
225 2 _aBiblioteca Cosmos
_v136/137
_iCiências e Técnicas
_h1.ª secção
675 _a616.9(035)
700 1 _aAnjo,
_bA. César,
_f1915-1969
801 0 _aPT
_bBN
_gRPC
801 1 _aFR
_bJOUVE
_gRPC
990 _cMON